000 01074ntaaa2200253 4500
003 01
005 20251027203344.0
008 0714s1973 ag 01
040 _aAR-BaBN
_bspa
_cAR-BaBN
_eaacr
_dRIC
245 _aEl clarinete
260 _aBuenos Aires :
_bViscontea [distribuidor],
_cc1979
300 _a1 disco son. (54 min., 5 seg.) ;
_canalógico, 33 1/3 rpm, estereo ; 12 plg.
490 _aLos grandes músicos ;
_v89
500 _aClarinete: David Glaser
500 _aOrquesta de Cámara de Wurtemberg, Jörg Faerber, director
500 _aOrquesta Sinfónica de Innsbruck, R. Wagner, director
500 _aCuarteto Kohon, H. Kohon, R. Kunicki, B. Zaslav, R. Sylvester
500 _aLicencia de: Vox-Turnabout-MMG (The Moss Music Group)
505 _tConcierto N° 1 para clarinete y orquesta en fa mayor op. 73 /
_rWeber, Carl Maria von
505 _tConcertino para clarinete y orquesta op. 26 /
_rWeber, Carl Maria von
505 _tQuinteto para clarinete y arcos en si bemol mayor op. 34 /
_rWeber, Carl Maria von
650 _aMUSICA
942 _cBK
999 _c29065
_d29065